Constitutional Law of India (Record no. 20050)
[ view plain ]
| 000 -LEADER | |
|---|---|
| fixed length control field | 00341nam a22001457a 4500 |
| 008 - FIXED-LENGTH DATA ELEMENTS--GENERAL INFORMATION | |
| fixed length control field | 230524b |||||||| |||| 00| 0 eng d |
| 020 ## - INTERNATIONAL STANDARD BOOK NUMBER | |
| ISBN | 9788195917914 |
| 100 ## - MAIN ENTRY--AUTHOR NAME | |
| Personal name | N. Kumar |
| 245 ## - TITLE STATEMENT | |
| Title | Constitutional Law of India |
| 250 ## - EDITION STATEMENT | |
| Edition statement | 11th Ed. |
| 260 ## - PUBLICATION, DISTRIBUTION, ETC. (IMPRINT) | |
| Place of publication | Haryana |
| Name of publisher | ALA Pub. |
| Year of publication | 2022 |
| 300 ## - PHYSICAL DESCRIPTION | |
| Number of Pages | 1176 |
| 546 ## - LANGUAGE NOTE | |
| Language note | English |
| 942 ## - ADDED ENTRY ELEMENTS (KOHA) | |
| Source of classification or shelving scheme | Dewey Decimal Classification |
| Koha item type | Books |
| Accession Number | Cost, normal purchase price | Bill Date | Source of acquisition | Price effective from | Koha item type | Withdrawn / writtenoff status | Damaged status | Not for loan | Permanent Location | Current Location | Shelving location | Date acquired | Lost/ Missing status | department |
|---|---|---|---|---|---|---|---|---|---|---|---|---|---|---|
| LLB 658 | 895.00 | 16-5-2023 | ABD Publisher, Jammu | 05/24/2023 | Books | MIET Library, Jammu | MIET Library, Jammu | 179/6 | 05/17/2023 | BBA LLB | ||||
| LLB 659 | 895.00 | 16-5-2023 | ABD Publisher, Jammu | 05/24/2023 | Books | MIET Library, Jammu | MIET Library, Jammu | 179/6 | 05/17/2023 | BBA LLB | ||||
| LLB 660 | 895.00 | 16-5-2023 | ABD Publisher, Jammu | 05/24/2023 | Books | MIET Library, Jammu | MIET Library, Jammu | 179/6 | 05/17/2023 | BBA LLB | ||||
| LLB 661 | 895.00 | 16-5-2023 | ABD Publisher, Jammu | 05/24/2023 | Books | MIET Library, Jammu | MIET Library, Jammu | 179/6 | 05/17/2023 | BBA LLB |